000 00378nam a22001577a 4500
003 MACL
005 20151222133539.0
008 151222b xxu||||| |||| 00| 0 eng d
040 _cMACL
041 _aEnglish
082 _a940/CHA
100 _aChaurasia,R.S.
_921916
245 _aHistory of Europe 1870-1945
650 _aGeneral History of Europe
_916881
942 _2ddc
_cBK
999 _c51568
_d51568